Porážka fašistických vojsk v severnej Afrike

Bibliographic Details
Main Author: Šmihula, Vladislav, 1929- (Author)
Format: Article
Language:Slovak
PhysicalDescription:Mp.
ISSN:0323-2018
Subjects:

MARC

LEADER 00000nab a2200000 a 4500
001 vtls000659843
003 SK-MaSNL
005 20260302183642.0
008 180405c1998 xo 0 slo
015 |a SNBRA1998/04-13791 
035 |a CLN000012035 
040 |a SNKBUCL  |b slo  |c SNKBUCL  |e AACR2 
041 0 |a slo 
044 |a xo  |c SK 
080 |a 940.53  |2 1981 
080 |a 355.48  |x "1939/1945"  |2 1981 
100 1 |a Šmihula, Vladislav,  |d 1929-  |4 aut  |9 841624 
245 1 0 |a Porážka fašistických vojsk v severnej Afrike  |c Vladislav Šmihula 
300 |b Mp. 
648 7 |a 1942-1943  |2 snkbucl  |9 281821 
650 0 7 |a druhá svetová vojna (1939-1945)  |z Afrika severná  |2 snkbucl  |9 176613 
651 7 |a Afrika severná  |2 snkbucl  |9 165439 
773 0 |t Bojovník  |g Roč. 43, č. 9 (1998), s. 6  |x 0323-2018 
850 |a Slovenská národná knižnica v Martine 
852 |a SNK  |b KIS3GCP 
999 |c 1422452  |d 1424382